Tridsať rokov činnosti Pôdohospodárskeho projektového ústavu

Podrobná bibliografia
Hlavný autor: Bodnár, Ján (Autor)
Médium: Článok
Jazyk:slovenčina
Predmet:

MARC

LEADER 00000nab a2200000 a 4500
001 vtls000209771
003 SK-MaSNL
005 20260302201223.0
008 111130c1984 xo 0 slo
015 |a SNBRB19rr/mm-uuuuu 
035 |a CL0219884 
040 |a SNKBUCL  |b slo  |c SNKBUCL  |e AACR2 
041 0 |a slo 
044 |a xo  |c SK 
080 |a 72.011.1:061.6:631  |2 1981 
080 |a 061.6  |2 1981 
080 |a 631  |2 1981 
100 1 |a Bodnár, Ján  |4 aut  |9 289604 
245 1 0 |a Tridsať rokov činnosti Pôdohospodárskeho projektového ústavu  |c Ján Bodnár 
650 0 7 |a Pôdohospodársky projektový ústav, Bratislava  |2 snkbucl  |9 921186 
651 7 |a 5100  |2 snkbucl  |9 166206 
655 7 |a články z novín a časopisov  |2 snkbucl  |9 267496 
773 0 |t Informácie ŠMS  |g Č. 8 (1984), s. /?/ 
850 |a Slovenská národná knižnica v Martine  |a MTA001 
852 |a SNK  |b KIS3GCP 
958 |a RK 
992 |a RBX 
999 |c 1460050  |d 1461980